000 00272nam a2200109Ia 4500
008 200302s9999 xx 000 0 und d
100 _aNolan Lushington and Othera
245 _aA Design manual Libraries
260 _bBirkhauser Verlag Gmbh
260 _c2016
300 _a263
999 _c7306
_d7306